| 000 | 00415nam a2200157Ia 4500 | ||
|---|---|---|---|
| 008 | 230312s9999||||xx |||||||||||||| ||und|| | ||
| 020 | _a81-7554-150-0 | ||
| 082 |
_a658 _bJAC |
||
| 100 | _anina jacob | ||
| 245 | 0 | _aIntercultureal Management | |
| 260 |
_bKOGAN PAGE _aNew Delhi _c2004 |
||
| 300 | _a250 | ||
| 546 | _aEng. | ||
| 650 |
_aManagement _vOrganizational Structure and Intercultural management |
||
| 942 | _cBK | ||
| 999 |
_c975 _d975 |
||